01204pam a2200301 i 450000100060000000300080000600500170001400800390003102000170007003500190008704000230010604100080012908200200013724501020015726000530025930000320031250000660034450000200041050400260043052001740045665100370063065100270066765100340069465100250072870000220075374000530077585600740082828707BD-RjUL20211209051323.0140331s1978 nyua j b 001 0deng a0379161567 : a(BD-RjUL)28789 aDLCcDLCdDLCbeng aeng00a978.9bCHR 197800aChronology and documentary handbook of the State of New Mexico /cRobert I. Vexler, State editor. aDobbs Ferry, N.Y. :bOceana Publications,c1978. ax, 148 p. :bill. ;c24 cm. aCover title: New Mexico, a chronology & documentary handbook. aIncludes index. aBibliography: p. 145. aA chronology of historical events in the state of New Mexico with selected documents, biographical outlines of politicians and prominent personalities, and a name index. 0aNew MexicoxHistoryxChronology. 0aNew MexicoxBiography. 0aNew MexicoxHistoryxSources. 1aNew MexicoxHistory.1 aVexler, Robert I. aNew Mexico, a chronology & documentary handbook.413Table of contentsuhttp://www.loc.gov/catdir/toc/fy0601/78064403.html